[Event "Asia-ch U16"]
[Site "Ulaanbaatar"]
[Date "2016.04.14"]
[Round "9"]
[White "Nomunkhan, Davaa"]
[Black "Marasinghe, HNB"]
[Result "1/2-1/2"]
[WhiteElo "1419"]
[BlackElo "1832"]
[PlyCount "35"]
[EventDate "2016.04.06"]
[EventType "swiss"]
[EventRounds "9"]
[EventCountry "MGL"]
[SourceTitle "EXT 2017"]
[Source "ChessBase"]
[SourceDate "2016.10.25"]
[SourceVersion "1"]
[SourceVersionDate "2016.10.25"]
[SourceQuality "1"]

1. c4 e5 2. Nc3 Nc6 3. Nf3 f5 4. d3 Bb4 5. Qc2 Nf6 6. Bg5 0-0 7. g3 Qe8 8. Bxf6 Rxf6 9. Nd2 Nd4 10. Qc1 c6 11. a3 Be7 12. Bg2 d6 13. e3 Ne6 14. Nb3 Kh8 15. Qd2 Nc7 16. d4 Bd7 17. Ne2 b6 18. Qc2 1/2-1/2